000
00311 a2200157 4500
001
182793
020
_a
040
_c
Magnum
100
_a
Malba Tahan
240
1
0
_a
A caixa do futuro
_l
por
245
1
0
_a
A caixa do futuro
300
_a
204
362
0
_a
1964
697
_a
LITERATURA GERAL
942
_c
BK
999
_c
182793
_d
182793